Équipe de France de Rugby - Coupe du Monde 2019. - Statistiques

Statistiques générales
  • Ce quiz a été pris 367 fois
  • Le résultat moyen est 21 sur 35
Statistiques - réponses
Joueur % Correct
Antoine Dupont
89%
Romain Ntamack
87%
Camille Chat
83%
Guihlem Guirado
82%
Gaël Fickou
79%
Thomas Ramos
79%
Baptiste Serin
77%
Damian Penaud
76%
Camille Lopez
75%
Grégory Alldritt
75%
Charles Ollivon
74%
Cyril Baille
71%
Peato Mauvaka
68%
Maxime Médard
67%
Virimi Vakatawa
66%
Rabah Slimani
62%
Alivereti Raka
59%
Jefferson Poirot
59%
Louis Picamoles
59%
Maxime Machenaud
59%
Yoann Huget
59%
Bernard Le Roux
58%
Wesley Fofana
53%
Demba Bamba
51%
Sébastien Vahaamahina
50%
Sofiane Guitoune
48%
Wenceslas Lauret
44%
Pierre-Louis Barassi
41%
Vincent Rattez
41%
Yacouba Camara
40%
Paul Gabrillagues
35%
Arthur Iturria
34%
Cedate Gomes Sa
29%
Christopher Tolofua
28%
Emerick Setiano
21%
Aucun quiz correspondant
Distribution des résultats
% des personnes avec chaque résultat
Percentile par nombre de réponses
Votre historique - résultats
Vous n’avez pas pris ce quiz